000 00917nam a2200217Ia 4500
003 OSt
005 20241112145338.0
007 ca aa aaaaa
008 201103s9999 xx 000 0 und d
040 _cSSBUL
041 _abur
082 _223
_a၂၉၄.၃၄၄၃၅ သံ
_b၉၁၇၈ S-SAT
100 0 _aသံဝရာလင်္ကာရ၊ အရှင်၊ ဓမ္မပိယဆရာတော်-
245 1 0 _aဘာဝနာကထာ /
_cအရှင် သံဝရာလင်္ကာရဓမ္မပိယဆရာတော်။
260 _aရန်ကုန် ၊
_bရွှေစင်ဝင်းစာပေ၊
_c၂၀၀၉။
300 _a၂၁၀ စာမျက်နှာ ၊
_c၂၁ စင်တီ။
500 _aS-SAT: Dr. Sai Aung Tun
650 _aတရားထိုင်ခြင်း
_949338
650 _aဝိပဿနာ။
942 _2ddc
_cBK1
999 _c16728
_d16728